| 000 | 02193nam a2200553Ii 4500 | ||
|---|---|---|---|
| 001 | DIGSIRLA0322 | ||
| 003 | NyNyDIG | ||
| 008 | 160329t20112011sp o 000 f spa d | ||
| 006 | m o d | ||
| 007 | cr ||||||||||| | ||
| 035 | _a(OCoLC)945876702 | ||
| 040 |
_aDGITA _beng _erda _epn _cDGITA |
||
| 020 |
_a9788498416572 _q(eBook ; _qePub) |
||
| 020 |
_a8498416574 _q(eBook ; _qePub) |
||
| 020 |
_a9788498417050 _q(eBook ; _qKindle) |
||
| 020 |
_a8498417058 _q(eBook ; _qKindle) |
||
| 020 | _z9788498415841 | ||
| 020 | _z8498415845 | ||
| 043 | _ae-gx--- | ||
| 050 | 1 | 4 | _aPT2702.R658 eBook |
| 082 | 0 | 4 |
_a833.92 _223 |
| 100 | 1 |
_aBronsky, Alina, _d1978- _eauthor. |
|
| 240 | 1 | 0 |
_aSchärfsten Gerichte der tatarischen Küche. _lSpanish |
| 245 | 1 | 4 |
_aLos platos mas picantes de la cocina tartara / _cAlina Bronsky ; traducción del alemán de Javier Sánchez-Arjona Voser. |
| 250 | _aEdición en formato digital. | ||
| 264 | 1 |
_aMadrid : _bSiruela, _c2011. |
|
| 264 | 4 | _c©2011 | |
| 300 | _a1 online resource. | ||
| 336 |
_atext _btxt _2rdacontent |
||
| 337 |
_acomputer _bc _2rdamedia |
||
| 338 |
_aonline resource _bcr _2rdacarrier |
||
| 490 | 1 |
_aNuevos tiempos ; _v207 |
|
| 588 | 0 | _aOnline resource; title from ePub title page (Digitalia, viewed April 1, 2016) | |
| 650 | 0 |
_aGrandmothers _vFiction. |
|
| 650 | 0 |
_aMothers and daughters _vFiction. |
|
| 650 | 0 |
_aFamilies _vFiction. |
|
| 650 | 0 |
_aTatars _zGermany _vFiction. |
|
| 650 | 0 |
_aImmigrants _zGermany _vFiction. |
|
| 655 | 0 | _aElectronic books. | |
| 700 | 1 |
_aSánchez-Arjona Voser, Javier, _etranslator. |
|
| 700 | 1 |
_iTranslation of: _a Bronsky, Alina, _d 1978- _tSchärfsten Gerichte der tatarischen Küche. |
|
| 791 | 2 |
_aDigitalia (Firm), _edistributor. |
|
| 793 | 0 |
_gDigitalia eBook Collection: _aSiruela |
|
| 776 | 0 | 8 |
_iPrint version: _aBronsky, Alina, 1978- _sSchärfsten Gerichte der tatarischen Küche. Spanish. _tPlatos más picantes de la cocina tártara. _dMadrid : Siruela, 2011 _z9788498415841 _w(OCoLC)760977273 |
| 830 | 0 |
_aNuevos tiempos (Madrid, Spain) ; _v207. |
|
| 856 | 4 | 0 |
_3Digitalia Hispánica _uhttps://www.digitaliapublishing.com/a/32022/ |
| 910 | _aPremium Collection: 2016 | ||
| 942 | _cRAA | ||
| 999 |
_c241133 _d241133 |
||